000
00290nam a22001337a 4500
008
171213b xxu||||| |||| 00| 0 eng d
020
_a
0070622329
041
_a
eng
080
_2
7 ED
_a
62
100
_a
27
101
_a
IM
245
_a
FLUID MECHANICS
_c
STREETER.V.L
942
_2
udc
_c
BK
999
_c
38876
_d
38876